All Travis Scott Albums (December 2025) - Statistics

General Stats
  • This quiz has been taken 5 times
  • The average score is 109 of 202
Answer Stats
Features The Graduates EP % Correct
2 Chainz, Future 3500
100%
Kacy Hill 90210
100%
Apple Pie
100%
Bacc (Bonus)
100%
Basement Freestyle
100%
coordinate
100%
Days Before Rodeo: The Prayer
100%
The 1975, Big Sean Dont Play
100%
Drugs You Should Try It
100%
Toro Y Moi Flying High
100%
Quavo Go
100%
Grey
100%
Hell Of A Night
100%
Hi
100%
Huncho Jack
100%
Rich Homie Quan, Young Thug Mamacita
100%
Young Thug, Justin Beiber Maria Im Drunk
100%
Quavo Oh My Dis Side
100%
Ok
100%
Young Thug, Quavo pick up the phone
100%
Kanye West Piss On Your Grave
100%
Pornography
100%
Wale Quintana
100%
Quintana PT.2
100%
Andre 3000 the ends
100%
Juicy J Wasted
100%
2000 EXCURSION
67%
5% TINT
67%
Antidote
67%
ASTROTHUNDER
67%
Backyard
67%
Bad Mood/Shit On You
67%
NAV beibs in the trap
67%
Black & Chinese
67%
BUTTERFLY EFFECT
67%
CANT SAY
67%
CANT STOP
67%
CAROUSEL
67%
CHAMPAIN & VACAY
67%
Chaz Interlude
67%
CIRCUS MAXIMUS
67%
COFFEE BEAN
67%
CONTEST
67%
Paul Wall, Theophilus London Dance On The Moon
67%
DELRESTO (ECHOES)
67%
James Fauntleroy Drive
67%
DUMBO
67%
FE!N
67%
FLORIDA FLOW
67%
GANG GANG
67%
GODS COUNTRY
67%
Kendrick Lamar goosebumps
67%
Playboi Carti Houdini
67%
HOUSTONFORNICATION
67%
HYAENA
67%
I Can Tell
67%
I KNOW?
67%
ILMB
67%
Impossible
67%
JB2 RADIO
67%
KICK OUT
67%
K-POP
67%
LOOOVE
67%
LOST FOREVER
67%
MELTDOWN
67%
MM3
67%
Mo City Flexologist
67%
MODERN JAM
67%
MY EYES
67%
NC-17
67%
Never Catch Me
67%
Chief Keef, Swae Lee Nightcrawler
67%
NO BYSTANDERS
67%
NO COMMENTS
67%
ScHoolboy Q Ok Alright
67%
OUTSIDE
67%
21 Savage outside
67%
OUT WEST
67%
PARASAIL
67%
PBT
67%
The Weeknd Pray 4 Love
67%
R.I.P SCREW
67%
Saint
67%
Serenade
67%
SHYNE
67%
SICKO MODE
67%
SIRENS
67%
SKELETONS
67%
SKITZO
67%
Young Thug Skyfall
67%
Migos, Peewee Longway Sloppy Toppy
67%
STARGAZING
67%
STOP TRYING TO BE GOD
67%
sweet sweet
67%
TELEKINESIS
67%
THANK GOD
67%
Kid Cudi through the late night
67%
TIL FURTHER NOTICE
67%
TOPIA TWINS
67%
A$AP Ferg Uptown
67%
VELOUR
67%
WAKE UP
67%
way back
67%
WHAT TO DO
67%
WHERE WAS YOU
67%
WHO? WHAT!
67%
YOSEMITE
67%
Zombies
67%
10 Crack!
33%
110 SOUTH
33%
16 Chapels
33%
6 In The Morning
33%
#727
33%
8th Wonder
33%
Ahoy
33%
Amazing
33%
OG Chess Bad Bitch
33%
Baggage
33%
Meek Mill Bandz
33%
Bape
33%
BEEP BEEP
33%
Believe
33%
Best Man
33%
Birthday
33%
Popcaan Blocka LaFlame
33%
Brain $torm
33%
Compton
33%
DA WIZARD
33%
Chris Holloway Day 'N' Nite
33%
Chris Holloway Dream
33%
Duke Of Earl
33%
Quavo, Takeoff Eye 2 Eye
33%
Bryson Tiller first take
33%
Fran$i$
33%
Friend$ With Money
33%
GATTI
33%
Girls
33%
OG Chess Good Life
33%
OG Chess Good Morning, Good Evening, Good Night
33%
guidance
33%
HAD ENOUGH
33%
Chris Holloway Have You Ever Heard
33%
HIGHEST IN THE ROOM (REMIX)
33%
Quavo, Young Thug Hold On
33%
Honor
33%
Hooker$ & Bitche$
33%
OG Chess I Love Highschool
33%
In My Treehou$e
33%
Instrumental
33%
Chris Holloway Instrumental 2
33%
Jason Eric | OG Chess Intro
33%
JACKBOYS
33%
Jam
33%
Let Me Down
33%
Looking Out The Window
33%
lose
33%
Low
33%
McBride
33%
Meadow Creak
33%
MIA
33%
Quavo Modern Slavery
33%
Justin Vernon Naked
33%
Naughty
33%
Chris Holloway No Introductions (Flashing Lights)
33%
OG Chess O.D.
33%
Jason Eric Pill$ & Coco Puff$
33%
Play Ball
33%
OG Chess Pro Nails
33%
OG Chess Pro Nails 2
33%
Respected
33%
Chris Holloway Rush
33%
Saint Laurent Mask
33%
sdp interlude
33%
The Mack
33%
Too Many Chances
33%
Too Many Options
33%
Tree
33%
TRIP OUT
33%
$tunt Mr. $cott
33%
Twice
33%
$uper
33%
$uper Good
33%
$uper Love
33%
T.I. Upper Echelon
33%
Vega$
33%
We $tar$
33%
Chris Holloway Who Am I
33%
Whole Lots Changed
33%
The Weeknd wonderful
33%
Young Thug Yeah Yeah
33%
25 & Leone
0%
Quavo, Offset Dubai Shit
0%
How U Feel
0%
Moon Rock
0%
Motorcycle Patches
0%
Quintana PT.2 (Dean Outro)
0%
$tay
0%
Where U From
0%
No matching quizzes found
Score Distribution
Percent of People with Each Score
Percentile by Number Answered
Your Score History
You have not taken this quiz